| Tag |
First Indicator |
Second Indicator |
Subfields |
| LEADER |
00000cam a22000004a 4500 |
| 001 |
in00002378607 |
| 005 |
20151109041717.0 |
| 008 |
070420m20079999paua b 000 0 eng |
| 010 |
|
|
|a 2007927375
|
| 019 |
|
|
|a 154769013
|
| 020 |
|
|
|a 9780764327834 (hbk. : v. 1)
|
| 020 |
|
|
|a 0764327836 (hbk. : v. 1)
|
| 020 |
|
|
|a 9780764329319 (hbk. : v. 2)
|
| 020 |
|
|
|a 0764329316 (hbk. : v. 2)
|
| 035 |
|
|
|a (OCoLC)ocn182786974
|
| 035 |
|
|
|a (OCoLC)182786974
|z (OCoLC)154769013
|
| 040 |
|
|
|a DLC
|c DLC
|d BAKER
|d YDXCP
|d BTCTA
|d TXA
|d UtOrBLW
|
| 043 |
|
|
|a e-gx---
|a e------
|
| 049 |
|
|
|a TXAM
|
| 050 |
0 |
0 |
|a D757
|b .C63 2007
|
| 082 |
0 |
0 |
|a 940.54/1343
|2 22
|
| 100 |
1 |
|
|a Coil, Spencer A.
|
| 245 |
1 |
4 |
|a The German Wehrmacht on all fronts, 1939-1945 :
|b images from private photo albums /
|c Spencer Anthony Coil and Clemens Ellmauthaler.
|
| 264 |
|
1 |
|a Atglen, PA :
|b Schiffer Military History,
|c [2007-]
|
| 264 |
|
4 |
|c ©2007-
|
| 300 |
|
|
|a volumes <2> :
|b illustrations (some color) ;
|c 24 x 32 cm.
|
| 336 |
|
|
|a text
|b txt
|2 rdacontent
|
| 337 |
|
|
|a unmediated
|b n
|2 rdamedia
|
| 338 |
|
|
|a volume
|b nc
|2 rdacarrier
|
| 504 |
|
|
|a Includes bibliographical references.
|
| 505 |
1 |
|
|a v. 1. Nebelwerfer, Panzer, Flak, Funker, Gebirgsjäger -- v. 2. Wegschilder (field signs), infantry, u-boats, Luftwaffe, generals.
|
| 651 |
|
0 |
|a Germany
|x Armed Forces
|x History
|y World War, 1939-1945
|v Pictorial works.
|
| 650 |
|
0 |
|a World War, 1939-1945
|z Europe
|v Pictorial works.
|
| 700 |
1 |
|
|a Ellmauthaler, Clemens.
|
| 938 |
|
|
|a Baker & Taylor
|b BKTY
|c 59.95
|d 44.96
|i 0764327836
|n 0007279537
|s active
|
| 938 |
|
|
|a Baker and Taylor
|b BTCP
|n BK0007279537
|
| 938 |
|
|
|a YBP Library Services
|b YANK
|n 2777400
|
| 945 |
|
|
|a PromptCat
|
| 946 |
|
|
|a stk
|
| 947 |
|
|
|a A14836860613
|
| 994 |
|
|
|a C0
|b TXA
|
| 948 |
|
|
|a cataloged
|b h
|c 2008/5/23
|d c
|e nbehmer
|f 4:22:00 pm
|
| 999 |
|
|
|a MARS
|
| 999 |
f |
f |
|s d618fd81-95a3-386d-9d8e-abb16e07bd4d
|i c53c6372-63ae-3918-ba0b-2ec789d7ce18
|t 0
|
| 952 |
f |
f |
|p ric
|a Texas A&M University
|b Rellis Campus
|c Joint Library Facility
|d Remote Storage
|t 0
|e D757 .C63 2007
|f Oversize
|h Library of Congress classification
|i unmediated -- volume
|k v.2
|m A14837212821
|
| 952 |
f |
f |
|p ric
|a Texas A&M University
|b Rellis Campus
|c Joint Library Facility
|d Remote Storage
|t 0
|e D757 .C63 2007
|f Oversize
|h Library of Congress classification
|i unmediated -- volume
|k v.1
|m A14836860613
|
| 998 |
f |
f |
|a D757 .C63 2007
|s v.1-2
|t 0
|l Remote Storage
|